000
00311pab a2200145 454500
008
180718b2004 xxu||||| |||| 00| 0 eng d
100
_a
Tripathi, S.C.
245
_a
Oil prices
260
_c
2004
300
_a
p.11-15.
362
_a
Dec
650
_a
Petroleum industry
773
_a
Yojana
909
_a
63353
999
_c
63353
_d
63353